Econometrics (Record no. 3484)

000 -LEADER
fixed length control field 00504nam a22002057a 4500
001 - CONTROL NUMBER
control field 3484
003 - CONTROL NUMBER IDENTIFIER
control field BD-DhUET
008 - FIXED-LENGTH DATA ELEMENTS--GENERAL INFORMATION
fixed length control field 141101b xxu||||| |||| 00| 0 eng d
020 ## - INTERNATIONAL STANDARD BOOK NUMBER
International Standard Book Number 0070854645
040 ## - CATALOGING SOURCE
Original cataloging agency 0
Transcribing agency 0
Modifying agency BD-DhUET
082 ## - DEWEY DECIMAL CLASSIFICATION NUMBER
Classification number 330.015195
Item number MAD/1977
100 ## - MAIN ENTRY--PERSONAL NAME
Personal name Maddala, G. S.
245 ## - TITLE STATEMENT
Title Econometrics
Statement of responsibility, etc. by G. S. Maddala
250 ## - EDITION STATEMENT
Edition statement Ist ed.
260 ## - PUBLICATION, DISTRIBUTION, ETC. (IMPRINT)
Place of publication, distribution, etc. Auckland
Name of publisher, distributor, etc. McGraw-Hill
Date of publication, distribution, etc. 1977
300 ## - PHYSICAL DESCRIPTION
Extent xii,516p.
Other physical details ill.
490 ## - SERIES STATEMENT
Series statement Economics series
650 #0 - SUBJECT ADDED ENTRY--TOPICAL TERM
Topical term or geographic name as entry element Econometrics
942 ## - ADDED ENTRY ELEMENTS (KOHA)
Koha item type General Book
Holdings
Koha full call number Koha item type Koha normalized classification for sorting Copy number Shelving location Not for loan Price effective from Date acquired Damaged status Withdrawn status Piece designation (barcode) Sublocation or collection (holding branch) Source of classification or shelving scheme Location (home branch) Lost status Koha date last seen
330.015195/MAD/1977General Book330_000000000000000_015195MAD11Circulation section 2014-11-012014-11-01  92996Central Library, BUET Central Library, BUET 2014-11-01
330.015195/MAD/1977General Book330_000000000000000_015195MAD12Circulation section 2014-11-012014-11-01  92997Central Library, BUET Central Library, BUET 2014-11-01
330.015195/MAD/1977General Book330_015195000000000_MAD_19773Reading section 2015-06-092015-06-09  92994Central Library, BUET Central Library, BUET 2015-06-09
330.015195/MAD/1977Reading Item330_015195000000000_MAD_19774Reading section 2015-06-092015-06-09  92995Central Library, BUET Central Library, BUET 2015-06-09